Textbook of Pharmacology and Pathology-I for BSc Nursing Students Semester-III (Record no. 357089)
[ view plain ]
| 000 -LEADER | |
|---|---|
| fixed length control field | 00486nam a22001697a 4500 |
| 005 - DATE AND TIME OF LATEST TRANSACTION | |
| control field | 20240220104947.0 |
| 008 - FIXED-LENGTH DATA ELEMENTS--GENERAL INFORMATION | |
| fixed length control field | 240214b |||||||| |||| 00| 0 eng d |
| 020 ## - INTERNATIONAL STANDARD BOOK NUMBER | |
| International Standard Book Number | 978-81-959313-0-9 |
| 041 ## - LANGUAGE CODE | |
| Language code of text/sound track or separate title | English |
| 082 ## - DEWEY DECIMAL CLASSIFICATION NUMBER | |
| Classification number | PH 615.1 SUD DB1227 |
| 100 ## - MAIN ENTRY--PERSONAL NAME | |
| Author | Sudip Das |
| -- | Sugandha |
| 245 ## - TITLE STATEMENT | |
| Title | Textbook of Pharmacology and Pathology-I for BSc Nursing Students Semester-III |
| 260 ## - PUBLICATION, DISTRIBUTION, ETC. | |
| Name of publisher, distributor, etc. | Lotus Publishaers |
| Place of publication, distribution, etc. | Jalandhar |
| Date of publication, distribution, etc. | 2023 |
| 300 ## - PHYSICAL DESCRIPTION | |
| Extent | 416p |
| 365 ## - TRADE PRICE | |
| Price amount | 395.00 |
| 942 ## - ADDED ENTRY ELEMENTS (KOHA) | |
| Koha item type | Donated Book |
| Withdrawn status | Lost status | Source of classification or shelving scheme | Damaged status | Not for loan | Home library | Current library | Date acquired | Net Price | Bill number | Total Checkouts | Total Renewals | Full call number | Barcode | Date due | Date last seen | Date last checked out | Bill Date | Koha item type | Original Barcode | Vendor | Actual Price |
|---|---|---|---|---|---|---|---|---|---|---|---|---|---|---|---|---|---|---|---|---|---|
| Dewey Decimal Classification | Sitabai Nargundkar College of Nursing Nagpur | Sitabai Nargundkar College of Nursing Nagpur | 24/05/2024 | 356.00 | IK#2024-25#00021 | 18 | 2 | PH 615.1 SUD DB1227 | SNCN-DB-195 | 13/04/2026 | 04/03/2026 | 04/03/2026 | 22/05/2024 | Donated Book | DB-195 | Donated by Ms. Ayushi Alone, Nagpur | 356.00 | ||||
| Dewey Decimal Classification | Smt. Bakul Tambat Institute of Nursing Education | Smt. Bakul Tambat Institute of Nursing Education | 13/02/2024 | 395.00 | 68 | 26 | 24 | PH 615.1 SUD DB1227 | BTIN-DB-1227 | 06/04/2026 | 02/03/2026 | 02/03/2026 | 14/02/2024 | Donated Book | DB1227 |